| 000 | 01527nam a2200337 ia4500 | ||
|---|---|---|---|
| 005 | 20260628133123.0 | ||
| 008 | 260628t20242024enka jr 000 1 eng d | ||
| 020 |
_a9781445190792 _cRM45.00 _qhardback |
||
| 040 |
_aPPAK _beng _cPPAK _erda |
||
| 082 | 0 | 4 |
_223 _a428.6 |
| 090 | 0 | 0 |
_a428.6 _bGRA _dK |
| 100 | 1 |
_aGraves, Sue, _eauthor. |
|
| 245 | 1 | 0 |
_aELEPHANT LEARNS TO SHARE / _cSUE GRAVES AND TREVOR DUNTON |
| 250 | _aThis edition first published in 2024 | ||
| 264 | 1 |
_aLondon : _bFranklin Watts, _c2024 |
|
| 264 | 4 | _c©2024 | |
| 300 |
_a12 unnumbered pages : _bcolour illustrations ; _c18 cm |
||
| 336 |
_atext _2rdacontent |
||
| 337 |
_aunmediated _2rdamedia |
||
| 338 |
_avolume _2rdacarrier |
||
| 490 | 1 | _aBehaviour MATTERS! | |
| 500 | _aFirst published in 2015 by Franklin Watts. | ||
| 520 | _aElephant hates sharing anything. When Gran gives him a bat and ball set, he finds it impossible to play by himself. He needs to find friends to play with, but will anyone want to join his game? A lively board book that examines the issue of not sharing in an amusing but reassuring way through animal characters - perfect for young children who don't want to share. The story offers a gentle way in to reinforce good behaviour. | ||
| 650 | 1 | 0 |
_aReaders _vJuvenile fiction. |
| 650 | 2 | 0 | _aChildren's stories, English. |
| 650 | 2 | 0 |
_aBehavior modification _vJuvenile fiction. |
| 655 | _aBoard books | ||
| 700 | 1 |
_aDunton, Trevor, _eillustrator. |
|
| 830 | 0 | _aBehavior matters! | |
| 942 |
_2ddc _cB |
||
| 999 |
_c204700 _d204700 |
||